000 00875nam a22003017a 4500
001 5114
003 FISKH
005 20241106153557.0
008 241106b cb ||||| |||| 00| 0 eng d
020 _a9780140365375
040 _aFISKH
_beng
_cFISKH
_dFISKH
050 _aPZ7.Z487
082 _a813.54
100 _aZiefert, Harriet
_d(1941-)
245 _aHarry takes a bath /
_cby Harriet Ziefert pictures by Mavis Smith
250 _aPublished in 1987
260 _aNew York :
_bPenguin,
_c1987.
300 _a32 pages :
_bColor illustrations ;
_c23 cm
505 _aE
520 _aHarry Hippo takes a bath, plays in the water, and cleans up afterwards.
521 8 _a210L
_bLexile
521 8 _aE
_bRaz-Plus
650 _2Fiction
_aAnimals
650 _2Bathing
_aHippo
700 _aSmith, Mavis
_dIllustrator
942 _2ddc
_cBK
_n0
999 _c5114
_d5114